000 00626nam a2200229Ia 4500
003 OSt
005 20221007070824.0
006 a|||||r|||| 00| 0
007 ta
008 221006b |||||||| |||| 00| 0 eng d
024 _a13,155
037 _cTextual
040 _aFLL
_cFLL
_beng
041 _2eng
_aeng
082 _aV73,12.N3, G9
100 _aLipson Leslie
245 0 _aAmerican governor from figurehead to leader
260 _aIllinois
_bUniversity of Chicago Press Illinois
_c1939
300 _a282p
_ccm.
942 _hV73,12.N3, G9
_cTEXL
_2CC
999 _c1141627
_d1141627